Introducción a las técnicas de la enseñanza programada

Saved in:
Bibliografiske detaljer
Hovedforfatter: Estarellas, Juan (Author)
Format: Bog
Sprog:spansk
Udgivet: Salamanca Anaya 1975
Udgivelse:2a. ed
Serier:Temas y Estudios
Fag:
Tags: Tilføj Tag
Ingen Tags, Vær først til at tagge denne postø!

MARC

LEADER 00000nam a2200000 a 4500
001 UCU0421
003 CL-VaPUC
008 960322e19750000SP |||||||||||||||||spa|d
082 0 4 |a 371.394  |b EST  |2 21 
100 0 |a Estarellas, Juan  |e author  |9 355556 
245 1 0 |a Introducción a las técnicas de la enseñanza programada 
250 |a 2a. ed 
300 |a 191 p 
942 |c BK 
945 |d 19960322 00:00:00  |a cmena 
260 |a Salamanca  |b Anaya  |c 1975 
650 7 |a ENSEÑANZA PROGRAMADA  |2 CL-VaPUC  |9 263217 
650 0 |a Tecnología educacional  |9 307265 
650 0 |a Métodos de enseñanza  |9 270413 
583 |a last modification  |c 19960322 00:00:00  |k Rodrigo Vera 
490 0 |a Temas y Estudios 
999 |c 245276  |d 245274 
952 |0 0  |1 0  |4 0  |6 371_394000000000000_EST_1975  |7 0  |8 P  |9 259737  |a BIBEDU  |b BIBEDU  |c BIBEDU_PB  |d 2019-11-19  |i 1634046  |o 371.394 EST 1975  |p 1634046  |r 2024-01-25  |w 2019-11-19  |y BK  |k EDU